GIS Fundamentals, Applications and Implementations (Record no. 33553)

MARC details
000 -LEADER
fixed length control field 00389nam a22001577a 4500
003 - CONTROL NUMBER IDENTIFIER
control field OSt
005 - DATE AND TIME OF LATEST TRANSACTION
control field 20220325085719.0
008 - FIXED-LENGTH DATA ELEMENTS--GENERAL INFORMATION
fixed length control field 220325b |||||||| |||| 00| 0 eng d
020 ## - INTERNATIONAL STANDARD BOOK NUMBER
International Standard Book Number 0851996655
040 ## - CATALOGING SOURCE
Transcribing agency HU
082 ## - DEWEY DECIMAL CLASSIFICATION NUMBER
Classification number 910.285 ELA 2006
100 ## - MAIN ENTRY--PERSONAL NAME
Personal name Elangovan
9 (RLIN) 34018
245 ## - TITLE STATEMENT
Title GIS Fundamentals, Applications and Implementations
300 ## - PHYSICAL DESCRIPTION
Extent 208p
Dimensions 23cm
942 ## - ADDED ENTRY ELEMENTS (KOHA)
Source of classification or shelving scheme Dewey Decimal Classification
Koha item type Books like text book referance book
Suppress in OPAC No
Holdings
Withdrawn status Lost status Source of classification or shelving scheme Damaged status Not for loan Collection code Home library Current library Shelving location Date acquired Total Checkouts Full call number Barcode Date last seen Copy number Price effective from Koha item type
    Dewey Decimal Classification     Reference Wondo Genet Library Wondo Genet Library General Stacks 03/25/2022   910.285 ELA 2006 WGCFNRL00014814 03/25/2022 1 03/25/2022 Books like text book referance book
    Dewey Decimal Classification     Reference Wondo Genet Library Wondo Genet Library General Stacks 03/25/2022   910.285 ELA 2006 WGCFNRL00014815 03/25/2022 2 03/25/2022 Books like text book referance book
    Dewey Decimal Classification     Reference Wondo Genet Library Wondo Genet Library General Stacks 03/25/2022   910.285 ELA 2006 WGCFNRL00014833 03/25/2022 3 03/25/2022 Books like text book referance book